Statystyki dla Skład Manchesteru United 2021/22

Kliknij tutaj aby rozwiązać quiz!

Ogólne statystyki

  • Ten quiz został rozwiązany 327 razy
  • Średni wynik to 21 z 29

Statystyki odpowiedzi

PozycjaZawodnik% Poprawnych
BRDavid de Gea
100%
LNMarcus Rashford
95%
ŚNCristiano Ronaldo
93%
ŚOHarry Maguire
92%
ŚPOBruno Fernandes
89%
LOLuke Shaw
88%
POAaron Wan-Bissaka
86%
ŚORaphael Varane
86%
LNJadon Sancho
85%
ŚPPaul Pogba
84%
BRDean Henderson
81%
ŚPFred
81%
ŚPDScott McTominay
81%
ŚOVictor Lindelof
80%
PODiogo Dalot
79%
ŚNAnthony Martial
72%
ŚNEdinson Cavani
70%
LOAlex Telles
68%
ŚOPhil Jones
68%
PNMason Greenwood
65%
ŚPDNemanja Matić
65%
ŚOEric Bailly
64%
BRTom Heaton
64%
ŚPOJuan Mata
61%
ŚPOJesse Lingard
54%
ŚPDonny van de Beek
51%
BRLee Grant
45%
PNAmad Diallo
24%
PNTahith Chong
14%

Rozkład punktacji

Percentyl według liczby udzielonych odpowiedzi

Procent ludzi z każdym wynikiem

Twoja historia wyników

Nie rozwiązałeś tego quizu